000 01090nam0a22002531 4500
001 rc\3647930
005 20250610054739.0
021 _aRU
_bРг946-73
021 _aRU
_b71-66054
035 _a(NLR Aleph) 007732523
090 _a7070829
_c7070829
100 _a20130115d1971 |||y0rusy50 ca
101 0 _arus
102 _aRU
105 _ay z |||||
200 1 _aРекомендации Первой республиканской научно-технической конференции по экономике и организации защиты растений в Молдавской ССР
_fРесп. правл. Науч.-техн. о-ва сел. хоз-ва. М-во с. х. МССР
210 _aКишинев
_cБ. и.
_d1971
215 _a6 с.
_d21
710 1 2 _aМолдавская респ. науч.-техн. конференция по экономике и организации защиты растений (1; 1971; Кишинев)
801 0 _aRU
_bNLR
_gpsbo
801 1 _aRU
_bELAR
_2rusmarc
852 _aNLR
_j72-4/27647
942 _cBOOK
980 _aNB